Flying colours 1 : students' book /
Guardado en:
| Autor Principal: | |
|---|---|
| Otros Autores: | |
| Formato: | Libro |
| Publicado: |
Estados Unidos de América :
Heinemann,
1990
|
| Materias: | |
| Etiquetas: |
Agregar Etiqueta
Sin Etiquetas, Sea el primero en etiquetar este registro!
|
| LEADER | 00515nam a22001815a 4500 | ||
|---|---|---|---|
| 001 | CEM.cems007397 | ||
| 005 | 20060214000000.0 | ||
| 008 | 130507s1990##################000#0#####d | ||
| 003 | CEMS | ||
| 082 | 0 | 4 | |a 428.64 |
| 100 | 1 | |a Garton Sprenger, Judy | |
| 245 | 1 | 0 | |a Flying colours 1 : |b students' book / |
| 260 | |a Estados Unidos de América : |b Heinemann, |c 1990 | ||
| 300 | |a 114 p. | ||
| 653 | |a Ingles | ||
| 653 | |a Ingles-textos | ||
| 700 | 1 | |a Greenall, Simon | |
| 859 | |a CEMS |b BIB. CEMS - 11 de abril |h 428.64 |i G198/I |p 17302.93 |t Ej.1 | ||
